00561nam a2200169 a 450000100100000000500170001000800410002704000250006808200190009310000380011224500630015026000400021330000270025350000590028065000250033965000270036400001899820200929165911.0100521s1998 ec a r 000 p spa d aDO-SdBNPbspacBNPHU aE861.44bG934f1 aGuerrero Obando, Fabián,d1959-10aFacticio Ficticio :bpoesía /cFabián Guerrero obando. aQuito, Ecuador :bEskeletra,c1998. a57 p. :bil. ;c20 cm. aIncluye referencia biográfica del autor en la solapa 4aPoesía ecuatoriana 4aLiteratura ecuatoriana